000 005900000a22001210004500
100 1 _aRodríguez Sanín, Javier
245 1 0 _aPrimer Congreso Nacional de Historia del Protestantismo
300 _anúm.9 (jul- dic, 2011), Pág. 4-5
520 _aMuchos fueron los actos de hombres y mujeres protestantes en la construcción de nación, por ejemplo, numerosos soldados presbiterianos de origen escocés conformaban la "Legión Británica" que luchó con Bolívar en el Pantano de Vargas.
650 1 4 _aHISTORIA
773 0 _tRevista trimestral interdenominacional cristiana -
942 _cANA
999 _c63529
_d63529